Bankový dohľad v podmienkach SR bakalárska práca

Gespeichert in:
Bibliographische Detailangaben
1. Verfasser: Jenčová, Gabriela
Körperschaft: Národohospodárska fakulta EU. Katedra bankovníctva a medzinárodných financií
Weitere Verfasser: Trúchly, Peter
Format: Buch
Sprache:Slowakisch
Veröffentlicht: Bratislava 2010
Tags: Tag hinzufügen
Keine Tags, Fügen Sie das erste Tag hinzu!

MARC

LEADER 00000nbm a2200000 4500
001 0132995
005 20161109111459.4
041 0 |a slo 
044 |a SK 
245 1 0 |a Bankový dohľad v podmienkach SR  |b bakalárska práca  |c Gabriela Jenčová ; školiteľ: Peter Trúchly 
264 1 |a Bratislava  |c 2010 
300 |a 52 s. 
100 1 |a Jenčová, Gabriela 
700 1 |a Trúchly, Peter 
710 2 |a Národohospodárska fakulta EU. Katedra bankovníctva a medzinárodných financií